Score 0/25 Timer 02:30
0 Plays Today
Question Answer Wrong Answers
Law & Order
94.6%
Order & Law
0.5%
Thomas & Friends
94.1%
Friends & Thomas
0.8%
Will & Grace
94.1%
Grace & Will
0.9%
My Wife and Kids
94%
Kids and My Wife
0.9%
Parks and Recreation
93.6%
Recreation and Parks
1.4%
Cloak & Dagger
91.9%
Dagger & Cloak
3%
Mork & Mindy
91.1%
Mindy & Mork
3.8%
Two and a Half Men
91.1%
A Half Men and Two
0.3%
Two Men and a Half
3.7%
Tarzan and Jane
89.1%
Jane and Tarzan
5.9%
Rick and Morty
87.9%
Morty and Rick
7%
Laverne & Shirley
87.5%
Shirley & Laverne
7.5%
Stretch Armstrong & the Flex Fighters
87.3%
The Flex Fighters & Stretch Armstrong
7.5%
Cagney & Lacey
87.3%
Lacey & Cagney
7.7%
Brothers & Sisters
86.7%
Sisters & Brothers
8.3%
Young & Hungry
86.6%
Hungry & Young
8.5%
1st & Ten
85.9%
Ten & 1st
8.9%
Gordon Ramsay's 24 Hrs to Hell and Back
83.4%
Gordon Ramsay's 24 Hrs to Back and Hell
6%
Gordon Ramsay's Hell and Back to 24 Hrs
3.8%
Gordon Ramsay's Back and 24 Hrs to Hell
1.6%
Dharma & Greg
83%
Greg & Dharma
12%
Eastbound & Down
76.8%
Down & Eastbound
18.1%
Penn & Teller: Fool Us
74%
Teller & Penn: Fool Us
5.3%
Fool Us: Penn & Teller
13%
Fool Us: Teller & Penn
2.5%
Halt and Catch Fire
73.7%
Fire and Catch Halt
2.5%
Catch and Halt Fire
12.6%
Halt Fire and Catch
6%
Hustle & Soul
73.5%
Soul & Hustle
21.4%
A Bit of Fry & Laurie
59.8%
A Bit of Laurie & Fry
32.8%
A Fry of Bit & Laurie
2.1%
The Fonz and the Happy Days Gang
53.3%
The Happy Days Gang and the Fonz
38.5%
The Happy Fonz and the Days Gang
1%
The Happy Gang and the Fonz Days
1.9%
Spider-Man and His Amazing Friends
36.1%
Amazing Spider-Man and His Friends
59.1%
Remove Ads.
Support Sporcle.
Get the best of Sporcle when you Go Orange. This ad-free experience offers more features, more stats, and more fun while also helping to support Sporcle. Thank you for becoming a member.

You're not logged in!

Compare scores with friends on all Sporcle quizzes.
OR
Log In

Show Comments

Extras

Top Quizzes Today


Score Distribution

Your Account Isn't Verified!

In order to create a playlist on Sporcle, you need to verify the email address you used during registration. Go to your Sporcle Settings to finish the process.

Report this User

Report this user for behavior that violates our Community Guidelines.

Details: